FORMAT and guidelines for collection of data for forest resources assessment

Bibliographic Details
Corporate Author: Food and Agriculture Organization of the United Nations (FAO)
Format: Book
Published: Bangkok : Food and Agriculture Organization of the United Nations , 1986
Subjects:

MARC

LEADER 00000cam a2200000 7i4500
001 0000001742
005 20011110.0
090 0 0 |a FAO 634.92   |b FOR 1986 
245 0 0 |a FORMAT and guidelines for collection of data for forest resources assessment 
260 0 0 |a Bangkok :   |b Food and Agriculture Organization of the United Nations ,   |c 1986 
300 |a vii, 49 p. ;   |c 30 cm. 
650 0 0 |a Forest surveys 
650 0 0 |a Forests and forestry 
710 1 1 |a Food and Agriculture Organization of the United Nations (FAO) 
745 0 0 |a Special study on forest management, afforestation and utilization of forest resources in the developing regions 
998 |a JPSM 
999 |a 0000002776   |b Monograph   |c Food and Agriculture Organization   |e Default branch